000 00873nam a2200253 i 4500
001 91822
003 ES-MaACL
005 20250728062605.0
007 t|
008 050222s2004 sp ||||1| spa d
020 _a84-7476-369-X
080 _a324(100)
100 1 _aOrtega, Carmen.
_987398
245 1 4 _aLos sistemas de voto preferencial
_b: un estudio de 16 democracias : reflexiones sobre el sistema electoral español /
_cCarmen Ortega.
250 _a1ª ed.
260 _aMadrid :
_bCentro de Investigaciones Sociológicas :
_bSiglo XXI de España,
_c2004.
300 _a312 p. ;
_c21 cm.
490 1 _aMonografías ;
_v211
504 _aBibliografía: p. 292-312.
650 1 4 _aSistema electoral.
_9155006
830 0 0 _aMonografías (Centro de Estudios Benaventanos "Ledo del Pozo")
_v211
_9177262
852 _aES-MaACL
_jL-28864
999 _c91822
_d91822